Umgangsregelung gegen den "Kindeswillen"?

Saved in:  
Bibliographic Details
Main Author: Schade, Burkhard (Author)
Format: Print Article
Language:German
Published: 2002
In: Qualitätssicherung in der Rechtspsychologie
Year: 2002, Pages: [213]-222
Check availability: HBZ Gateway
Keywords:

MARC

LEADER 00000caa a2200000 c 4500
001 1174213620
003 DE-627
005 20220524143443.0
007 tu
008 030410s2002 xx ||||| 00| ||ger c
020 |a 3825864049 
035 |a (DE-627)1174213620 
035 |a (DE-576)104213620 
035 |a (DE-599)BSZ104213620 
040 |a DE-627  |b ger  |c DE-627  |e rakwb 
041 |a ger 
100 1 |a Schade, Burkhard  |4 aut 
245 1 0 |a Umgangsregelung gegen den "Kindeswillen"?  |c Burkhard Schade 
264 1 |c 2002 
336 |a Text  |b txt  |2 rdacontent 
337 |a ohne Hilfsmittel zu benutzen  |b n  |2 rdamedia 
338 |a Band  |b nc  |2 rdacarrier 
773 0 8 |i In  |t Qualitätssicherung in der Rechtspsychologie  |d Münster : Lit, 2002  |g (2002), Seite [213]-222  |h IX, 482 S.  |w (DE-627)354437445  |w (DE-576)101212550  |z 3825864049  |7 nnam 
773 1 8 |g year:2002  |g pages:[213]-222 
935 |a mkri 
951 |a AR 
ELC |b 1 
LOK |0 000 xxxxxcx a22 zn 4500 
LOK |0 001 3032692601 
LOK |0 003 DE-627 
LOK |0 004 1174213620 
LOK |0 005 20251111131621 
LOK |0 008 181119||||||||||||||||ger||||||| 
LOK |0 040   |a DE-21-110  |c DE-627  |d DE-21-110 
LOK |0 689   |a s  |a Kind 
LOK |0 689   |a s  |a Wille 
LOK |0 689   |a s  |a Umgangsrecht 
LOK |0 852   |a DE-21-110 
LOK |0 852 1  |m p  |9 00 
LOK |0 938   |k p 
LOK |0 939   |a 19-11-18  |b l01 
ORI |a SA-MARC-krimdoka001.raw